000 00409nam a22001457a 4500
999 _c7784
_d7782
005 20210904135041.0
008 210325b ||||| |||| 00| 0 eng d
082 _a345.408 23
100 _aHAYION,DAVID
_96510
245 _aLAW FUTURE (S) : british legal development in the 21st century
260 _bHART PUBLISHING OXFORD AND PORTLAND ,OREGON
_c2000
300 _a452,P
650 _aLAW
_95701
942 _cBK